000 00536nam a2200217Ia 4500
003 OSt
005 20220928104147.0
006 a|||||r|||| 00| 0
007 ta
008 220927b |||||||| |||| 00| 0 hin d
024 _a138500
037 _cTextual
040 _aSDCL
_cSDCL
_bhin
041 _2hin
_ahin
082 _aO152,2N25,3, L5
245 0 _aAdhe adhure
260 _aDelhi
_bAradha krishan
_c1975
300 _a2-69p
_ccm.
942 _hO152,2N25,3, L5
_cTEXL
_2CC
999 _c724900
_d724900